00931nam a22002657a 45000010005000000030006000050050017000110080041000280200017000690400029000860500015001150820008001301000018001382450082001562500044002382600037002823000043003194900050003625050008004125200116004205210029005365210020005656500042005857000038006277398FISKH20250711153841.0250711b cb ||||| |||| 00| 0 eng d a078073002993 aFISKHbengcFISKHdFISKH aPZ7.D128 M a121 aDadey, Debbie aMartians don't take temperatures /cby Debbie Dadey and Marcia Thornton Jones aFirst Scholastic printing, January 1996 aNew York : bScholastic ,c1996. a67 pages : billustrations ;c20 cm .  aThe Adventures of the Bailey School Kids v18 aG  aThere are some pretty weird grown-ups living in Bailey City. The kids think the new school nurse is a Martian. 8 a380 bLexile estimate 8 aG bRaz-Plus  aBailey School KidsvJuvenile Ficition aGurney, John SteveneIllustrator